Sports Quiz

Random Sports or MLB Quiz

Post Season Home Run Leaders Quiz Stats

Quiz Updated Nov 2, 2014

Challenge
Share
Tweet
Embed
Score 0/18 Timer 05:00
1 Play Today
Number of Home Runs Player % Correct
13Chipper Jones
87.9%
20Derek Jeter
87.8%
13Alex Rodriguez
87.5%
19Albert Pujols
87.5%
29Manny Ramirez
87.5%
15Babe Ruth
84.3%
18Mickey Mantle
83.7%
13Miguel Cabrera
82.1%
18Reggie Jackson
79.9%
Number of Home Runs Player % Correct
17David Ortiz
79.1%
22Bernie Williams
76.7%
17Jim Thome
70.1%
13Matt Holliday
64.1%
16Carlos Beltran
57.4%
14David Justice
42.2%
13Jim Edmonds
35.5%
14Jayson Werth
31.5%
16Nelson Cruz
27.3%

You're not logged in!

Compare scores with friends on all Sporcle quizzes.
Join for Free
OR
Log In

You Might Also Like...

Show Comments

Extras

Top Quizzes Today


Score Distribution

Your Account Isn't Verified!

In order to create a playlist on Sporcle, you need to verify the email address you used during registration. Go to your Sporcle Settings to finish the process.

Report this User

Report this user for behavior that violates our Community Guidelines.

Details: